Oaths book /

Bibliographic Details
Corporate Author: Great Britain. Court of Quarter Sessions of the Peace (Dorset)
Format: Book
Language:English
Published: Dorchester : Henry Ling, County and Borough Printer, [1907]
Subjects:

MARC

Tag First Indicator Second Indicator Subfields
LEADER 00000cam a2200000Ma 4500
001 in00003895607
005 20180216135824.0
008 110126s1907 enk 000 0 eng d
035 |a (OCoLC)ocn700049594 
040 |a CUD  |b eng  |c CUD  |d OCLCF  |d OCLCO  |d OCLCQ  |d TXA 
035 |a (OCoLC)700049594 
043 |a e-uk--- 
090 |a KD8295  |b .D68 1907 
049 |a TXAM 
110 1 |a Great Britain.  |b Court of Quarter Sessions of the Peace (Dorset) 
245 1 0 |a Oaths book /  |c Dorset Quarter Sessions. 
264 1 |a Dorchester :  |b Henry Ling, County and Borough Printer,  |c [1907] 
300 |a 20 pages ;  |c 22 cm 
336 |a text  |b txt  |2 rdacontent 
337 |a unmediated  |b n  |2 rdamedia 
338 |a volume  |b nc  |2 rdacarrier 
500 |a Purchased for the Cushing Library/Lit./Mitchell Collection by The Cushing Library. 
650 0 |a Oaths  |z England  |z Dorset. 
650 7 |a Oaths.  |2 fast  |0 (OCoLC)fst01042646 
651 7 |a Great Britain.  |2 fast  |0 (OCoLC)fst01204623 
948 |a cataloged  |b h  |c 2017/11/21  |d c  |e ljohnson  |f 10:32:07 am 
994 |a C0  |b TXA 
999 f f |s ef13d8f8-0db7-3843-8528-b9d35a3edcfc  |i 37db5f62-606e-328a-aea4-255c4972e130  |t 0 
952 f f |p noncirc  |a Texas A&M University  |b College Station  |c Cushing Memorial Library & Archives  |d Cushing: Literature/Mitchell (Does not check out)  |t 0  |e KD8295 .D68 1907  |h Library of Congress classification  |i unmediated -- volume 
998 f f |a KD8295 .D68 1907  |t 0  |l Cushing: Literature/Mitchell (Does not check out)